000 00624nam a2200265Ia 4500
005 20260306164545.0
008 008 260114s9999 xx 000 0 eng d
020 _a9780300271850
037 _aEBOOK
040 _aCRL
040 _beng
040 _cCRL
041 _2eng
041 _aeng
084 _qCRL
100 _aWiemer
_91131053
245 0 _aTheoderic The Great: King Of Goths, Ruler Of Romans
260 _bYale University Press
260 _c2023
650 _aHistory
856 _uhttps://academic.oup.com/book/51625
942 _cEBOOK
999 _c1714506
_d1714506